Представление документа в формате MARC21

Поле Инд. ПП Название Значение
Тип записи a
Библиографический уровень b
001 Контрольный номер DU/591281184
005 Дата корректировки 20200610181718.0
008 Кодируемые данные 20180827
040 b Код языка каталог. rus
e Правила каталог. PSBO
041 0_ a Код языка текста rus
084 a Индекс другой классификации/Индекс ББК 60.033.145.2
100 1_ a Автор Вареник М. С.
q Полное имя Вареник Мария Сергеевнка
245 10 a Заглавие Россия в условиях глобализации: поиски ценностного самоопределения
504 a Библиография Библиогр.: с. 98
520 0_ a Аннотация Автор статьи предприняла попытку проанализировать состояние современного российского общества в контексте глобализации. Процесс глобализации рассматриватся как духовный передел мира. Экскурс в историю взаимоотношений Запада и России подчеркивает борьбу двух духовных начал, корни происхождения которых лежат в компонентах религиозного толка. В выборе своего собственного ответа на вызов глобализации с упором на вековые традиции и ценности духовной культуры автор видит спасительный путь к возрождению России и постепенному возвращению ею лидирующих позиций в мире
650 14 a Основная рубрика социальная философия
a Основная рубрика философия истории
653 1_ a Ключевые слова глобализация
a Ключевые слова духовные ценности
a Ключевые слова западная цивилизация
a Ключевые слова либерализм
a Ключевые слова национальный кризис
a Ключевые слова передел мира
a Ключевые слова российское общество
a Ключевые слова Россия
a Ключевые слова социокультурные ценности
773 08 t Заглавие источника Вестник Московского университета. Серия 18, Социология и политология
d Дата издания источника 2012
g Прочая информация № 1. - С. 84 - 98
w Контрольный № источника RU/IS/BASE/392489925
901 t Тип документа b